00295nam a2200121Ia 4500008004100000041000800041082000800049100002500057245003800082260003200120300000800152520001300160221007s9999 xx 000 0 und d aeng bKAV aKaveri R U (2K51025) aRecruitment and Selection Process c2007bPune UniversityaPune a81p aKetkar L